| 000 | 01344nam a22002777a 4500 | ||
|---|---|---|---|
| 003 | UA-OsUOA | ||
| 001 | 106720 | ||
| 007 | ta | ||
| 008 | 20140611b un ||||| |||| 00| 0 ukr d | ||
| 100 | _aСосса Р. І. | ||
| 090 |
_a528.93(477) _bС66 |
||
| 942 | _cBK | ||
| 040 |
_aUA-OsUOA _bukr _cUA-OsUOA _dUA-OsUOA |
||
| 245 |
_aТопографічне картографування України (1917 - 2012) _bмонографія |
||
| 300 | _a384 с. | ||
| 955 | _a1 | ||
| 041 | _aukr | ||
| 080 | _a528.93(477) | ||
| 020 | _a978-966-00-1430-5 | ||
| 591 | _aПасічник І. Д. | ||
| 520 | 3 | _aЗміст1. Створення державної картографо-геодезичної служби України у 1917 - 1919 рр.2. Топографічне картографування території України в 1920 - 1941 рр.3.Топографічне картографування території України в 1941 - 1945 рр.4. Топографічне картографув | |
| 520 | 3 | _aання території України в 1946 - 1991 рр.5.Топографічне картографування в незалежній Україні | |
| 260 |
_aК. _bНаукова думка _c2014 |
||
| 650 | 7 |
_a528 Геодезія. Картографія _2UDC |
|
| 999 |
_c392930 _d392930 |
||